Fisiopatología de la reproducción e inseminación artificial de los animales domésticos /
Guardado en:
| Autor Principal: | |
|---|---|
| Formato: | Libro |
| Publicado: |
Zaragoza :
Acribia,
1967
|
| Materias: | |
| Etiquetas: |
Agregar Etiqueta
Sin Etiquetas, Sea el primero en etiquetar este registro!
|
| LEADER | 01400nam a22001815a 4500 | ||
|---|---|---|---|
| 001 | CEM.cems017903 | ||
| 005 | 20121113123141.0 | ||
| 008 | 130507s1967##################000#0#####d | ||
| 003 | CEMS | ||
| 082 | 0 | 4 | |a 636.082 |
| 100 | 1 | |a Derivaux, J. | |
| 245 | 1 | 0 | |a Fisiopatología de la reproducción e inseminación artificial de los animales domésticos / |c J. Derivaux |
| 260 | |a Zaragoza : |b Acribia, |c 1967 | ||
| 300 | |a 416 p. | ||
| 505 | 0 | |a Fisiología genital El cilo sexual de los mamíferos -- Hormonas sexuales y reproducción -- La gametogénesis -- La copulación -- La fecundación -- Factores de fertilidad -- El macho -- Examen clínico -- Valoración de la fertilidad masculino -- Alteraciones de los testículos y de las glándulas accesorias -- Enfermedades del pene y del forro -- Trastornos de la unión sexual -- La hembra -- Metódica general para el examen de una hembra estéril -- Trastornos funcionales -- Trastornos y afecciones de las vías genitales -- Esterilidad de origen infeccioso y parasitario -- Nutrición y esterilidad -- Inseminación artificial -- Recolección del esperma -- Conservación del esperma -- Inseminación propiamente dicha -- Posibilidades de la inseminación artificial -- Elección de reproductores -- Trasplantación ovular | |
| 653 | |a Reproducción animal | ||
| 653 | |a Inseminación artificial | ||
| 859 | |a CEMS |b BIB. CEMS - Agricultura |h 636.082 |i D445 |p A1674.12 |t Ej.1 | ||
